Schaum's outlines of theory and problems of software engineering (Record no. 121488)

MARC details
000 -LEADER
fixed length control field 00397nam a2200145Ia 4500
008 - FIXED-LENGTH DATA ELEMENTS--GENERAL INFORMATION
fixed length control field 230917s9999||||xx |||||||||||||| ||und||
040 ## - CATALOGING SOURCE
-- 106030
Original cataloging agency VIVEKANANDA LIBRARY
041 ## - Language
-- English
082 ## - DDC NUMBER
Classification number 005.1 G978S
100 ## - MAIN ENTRY--PERSONAL NAME
Personal name Gustafson, David
245 #0 - TITLE STATEMENT
Title Schaum's outlines of theory and problems of software engineering
260 ## - PUBLICATION, DISTRIBUTION, ETC. (IMPRINT)
Place of publication, distribution, etc New Delhi
Name of publisher, distributor, etc Tata McGraw-Hill
Date of publication, distribution, etc 2004
300 ## - PHYSICAL DESCRIPTION
Pages 223 p.
942 ## - ADDED ENTRY ELEMENTS (KOHA)
Koha item type Books
Holdings
Withdrawn status Lost status Damaged status Not for loan Location (home branch) Sublocation or collection (holding branch) Date acquired Koha issues (times borrowed) Koha full call number Accession No. Koha date last seen Koha item type Shelving location
        VIVEKANANDA LIBRARY VIVEKANANDA LIBRARY 22/03/2005   005.1 G978S 214877 17/09/2023 Books  
        VIVEKANANDA LIBRARY VIVEKANANDA LIBRARY 22/03/2005   005.1 G978S 214878 17/09/2023 Books  
        VIVEKANANDA LIBRARY VIVEKANANDA LIBRARY 22/03/2005   005.1 G978S 214879 17/09/2023 Books  
        VIVEKANANDA LIBRARY VIVEKANANDA LIBRARY 22/03/2005   005.1 G978S 214880 17/09/2023 Books  
        VIVEKANANDA LIBRARY VIVEKANANDA LIBRARY 22/03/2005   005.1 G978S 214881 17/09/2023 Books  
        VIVEKANANDA LIBRARY VIVEKANANDA LIBRARY 22/03/2005   005.1 G978S 229061 17/09/2023 Books UIET Library
© Designed and Maintained by Vivekananda Library, MDU Rohtak